000 00365nam a2200157Ia 4500
008 151213s9999 xx 000 0 und d
100 _aClifts Notes
245 _aOliver Twist Notes
_cClifts Notes
250 _a1st
260 _aU. S. A.
_b C. K.
_c1965
300 _a4512 p.
650 _aCritics
650 _aEnglish
700 _aClifts Notes
999 _c2887
_d2887